Homenaje a Ercilla
Saved in:
| Main Authors: | , , |
|---|---|
| 其他作者: | |
| 格式: | 圖書 |
| 語言: | 西班牙语 |
| 出版: |
Concepción
Universidad de Concepción
1969
|
| 主題: | |
| 標簽: |
添加標簽
沒有標簽, 成為第一個標記此記錄!
|
MARC
| LEADER | 00000nam a2200000 a 4500 | ||
|---|---|---|---|
| 001 | UCW6153 | ||
| 003 | CL-VaPUC | ||
| 005 | 20230731092514.0 | ||
| 008 | 911023e19690000CL |||||||||||||||||spa|d | ||
| 999 | |c 219312 |d 219310 | ||
| 040 | |c Pontificia Universidad Católica de Valparaíso | ||
| 082 | 0 | 4 | |a 861.09 |b MUÑ |2 21 |
| 100 | |a Muñoz González, Luis |e autor |9 324255 | ||
| 245 | 1 | 0 | |a Homenaje a Ercilla |
| 260 | |a Concepción |b Universidad de Concepción |c 1969 | ||
| 300 | |a 133 p | ||
| 583 | |a last modification |c 19911023 00:00:00 |k Rodrigo Vera | ||
| 600 | 0 | |a Ercilla y Zúñiga, Alonso de |e autor |9 267605 | |
| 650 | 0 | |a Crítica e interpretación |9 255042 | |
| 700 | 0 | |a Concha Díaz, Jaime |e autor |9 870459 | |
| 700 | 0 | |a Jamik, Dieter |e author |9 311159 | |
| 700 | 0 | |a Coddou, Marcelo |e author |9 311160 | |
| 942 | |c BK |2 ddc | ||
| 945 | |d 19911023 00:00:00 | ||
| 952 | |0 0 |1 0 |4 0 |6 861_090000000000000_MUÑ_1969 |7 0 |8 A |9 210090 |a BIBEDU |b BIBEDU |d 2019-11-15 |i 278176K |o 861.09 MUÑ 1969 |p 278176K |r 2024-11-11 |w 2019-11-15 |y BK |k LIT | ||
| 952 | |0 0 |1 0 |4 0 |6 861_090000000000000_MUÑ_1969 |7 0 |8 A |9 210091 |a BIBEDU |b BIBEDU |d 2019-11-15 |i 1453327 |o 861.09 MUÑ 1969 |p 1453327 |r 2019-11-15 |w 2019-11-15 |y BK |k LIT | ||